| 000 | 01321 a2200253 4500 | ||
|---|---|---|---|
| 999 |
_c6945 _d6945 |
||
| 005 | 20190308164043.0 | ||
| 008 | 080912t xxu||||| |||| 00| 0 hin d | ||
| 010 | _aHIN-80713 B-287559-573 | ||
| 020 |
_a8190429752 _c250.00 |
||
| 035 | _aHN-53059 B-287559-573, A-816361 | ||
| 037 | _bD.B.Act / pub | ||
| 040 |
_adpl _bHIN |
||
| 082 | _aउ | ||
| 100 | _aउपाध्याय, गोपाल | ||
| 245 |
_aएक टुकड़ा इतिहास / _cगोपाल उपाध्याय |
||
| 246 |
_aEk Tukara Itihas _bby Gopal Upadhyay |
||
| 260 |
_aनई दिल्ली _bभारतीय पुस्तक परिषद _c2007 |
||
| 270 |
_a175-सी, पाकेट-ए, मयूर विहार फेज-2 _bनई दिल्ली _e110091 |
||
| 300 |
_a272पृ _c22 सेमी (सजिल्द) |
||
| 650 | _aहिन्दी उपन्यास | ||
| 650 | _aHindi Novel | ||
| 942 |
_adpl _cHN _2ddc _hउ _mउपाध्या |
||